| 000 | 00676nam a2200253 a 4500 | ||
|---|---|---|---|
| 999 |
_c2308 _d2308 |
||
| 001 | 15822 | ||
| 003 | BD-DhUAP | ||
| 005 | 20200223101435.0 | ||
| 008 | 200223m1997 bg w 000 0 eng | ||
| 020 | _a2880463114 | ||
| 040 |
_aBD-DhUAP _cBD-DhUAP _bEng _dBD-DhUAP |
||
| 082 | 0 | 0 |
_a749.3 BYA _223 |
| 100 | _aByars, Mel. | ||
| 245 |
_a50 Tables : _biInnovations in design and materials / _cMel Byars. |
||
| 250 | _a1st ed. | ||
| 260 |
_aSwitzerland : _bRotoVision, _cc1997. |
||
| 300 |
_a159 pages ; _c28 cm. |
||
| 490 | _aPrc Design Series. | ||
| 500 | _aIncludes index. | ||
| 650 | _aTables | ||
| 650 | _aFurniture design. | ||
| 942 |
_2ddc _cBK _01 |
||